| 000 | 00605nam a2200205Ia 4500 | ||
|---|---|---|---|
| 008 | 150520s9999 xx 000 0 und d | ||
| 050 | _aHF 5415.335 | ||
| 050 | _b.P322 2015 | ||
| 100 | _aPattugalan, Efren Francis M. | ||
| 245 | _aCustomer satisfaction towards service offered by gasoline service stations/ | ||
| 245 | _cEfren Francis M. Pattugalan. | ||
| 260 | _aLas Piñas, Philippines : | ||
| 260 | _bSISC, | ||
| 260 | _c2015. | ||
| 300 | _a57 pages : | ||
| 300 | _billustrations ; | ||
| 300 | _c28 cm. | ||
| 500 | _aIncludes bibliography reference. | ||
| 650 | _aConsumer satisfaction. | ||
| 999 |
_c284085 _d284085 |
||